General Principles of a Managerial Accounting for the Organisational/Enterprise Sustainability

Tento dokument sa zaoberá nákladovým účtovníctvom v MSP, aby sa predišlo platobnej neschopnosti na základe zlého účtovania nákladov. Hľadanie inovatívneho riadenia pomeru pre MSP si vyžaduje analýzu a prispôsobenie existujúcich systémov. Nástrojom na vytváranie prehľadu a možností kontroly v rámci n...

Ausführliche Beschreibung

Gespeichert in:
Bibliographische Detailangaben
1. Verfasser: Schödel, Christian, 1963-
Weitere Verfasser: Dubcová, Gabriela, 1968-
Format: Buchkapitel
Sprache:Englisch
Schlagworte:
Tags: Tag hinzufügen
Keine Tags, Fügen Sie das erste Tag hinzu!

MARC

LEADER 00000naa$a2200000$$$4500
001 0290279
005 20240502083938.7
041 0 |a eng 
044 |a CZ 
245 1 0 |a General Principles of a Managerial Accounting for the Organisational/Enterprise Sustainability  |c Christian Schödel, Gabriela Dubcová 
520 |a Tento dokument sa zaoberá nákladovým účtovníctvom v MSP, aby sa predišlo platobnej neschopnosti na základe zlého účtovania nákladov. Hľadanie inovatívneho riadenia pomeru pre MSP si vyžaduje analýzu a prispôsobenie existujúcich systémov. Nástrojom na vytváranie prehľadu a možností kontroly v rámci nákladového účtovníctva je controlling. Znalostnú medzeru v MSP a výsledné nesprávne úsudky možno znížiť rozumne nastaveným nákladovým účtovníctvom. Výber správnej cesty v nákladovom účtovníctve je dôležitý na zlepšenie transparentnosti pre manažment a/alebo vlastníkov. Plánovanie rozpočtu je nevyhnutné na určenie toho, či je spoločnosť úspešná a aktívna na správnych miestach. Hodnotia sa tu rôzne rozpočtové plány a posudzuje sa aj ich použiteľnosť pre nový systém riadenia pre MSP. 
610 2 0 |a podnik 
610 2 0 |a organizácia 
610 2 0 |a udržateľnosť 
610 2 0 |a kontroling 
610 2 0 |a účtovníctvo nákladové 
610 2 0 |a rozpočtovanie 
610 2 0 |a zdroje ľudské 
100 1 |a Schödel, Christian, 1963- 
700 1 |a Dubcová, Gabriela, 1968-